1220 1138 1077 1165 1487 1056 1043 1575 1518 1793 1962 1854 1362 1548 1695 1508 1066 1352 1891 1972 1102 1088 1448 1667 1241 1245 1626 1839 1828 1982 1545 1438 1136 1755 1308 1405 1756 1555 1157 1170 1682 1602 1514 1294 1828 1865 1766 1985 1093 1931 1467 1813 1830 1425 1590 1386 1011 1578 1428 1868 1148 1629 1035 1817 1353 1531 1082 1041 1712 1900 1062 1573 1272 1600 1023 1957 1199 1086 1198 1364 1650 1371 1240 1645 1880 1253 1829 1016 1977 1803 1083 1172 1344 1518 1161 1093 1779 1543 1878 BCNSPRNW ULIB Ver.6.0+V

เปลี่ยนเป็นภาษาไทย

Change to English
 แสดงรายละเอียดบรรณานุกรม
  กลับหน้าหลัก

Brief Record : Get Marc (ISO 2709) : E-mail record : QR code < ปิดหน้าต่าง
LEADER : 00000nam 2200000uu 4500
001    13399120196
003     ULIB
008    120911s2550||||th 000 0 tha d
020    ^a9789744567819
020    ^a9744567813
060    ^aW84^bอ823ก
100    ^aอุทัยวรรณ สุกิมานิล
245    ^aการบริการปฐมภูมิ. =^bPrimary care./^cโดย อุทัยวรรณ สุกิมานิล
246    ^aPrimary care
250    ^aพิมพ์ครั้งที่ 2
260    ^aนนทบุรี:^bโครงการสวัสดิการวิชาการ สถาบันพระบรมราชชนก,^c2550.
300    ^a263 หน้า
650    ^aการบริการด้านสุขภาพ
650  0 ^aบริการปฐมภูมิ
650  0 ^aสุขภาพ
945    ^p295^l0^i19507
945    ^p295^l0^i19508
999    ^aกัณชพร
รายการนี้ยังไม่มีแท็ก
คุณยังไม่ได้ล็อกอิน คุณสามารถมีกิจกรรมร่วมกับเว็บไซต์ได้ แต่ต้องล็อกอินก่อน ::
  ล็อกอิน

รายการสื่อสารสนเทศ

ลำดับที่ ประเภท เลขเรียก/บาร์โค้ด สถานที่ สถานะ
- ไม่พบข้อมูล -

รายการใกล้เคียง
    ผู้แต่ง [อุทัยวรรณ สุกิมานิล]

    หัวเรื่อง [การบริการด้านสุขภาพ]
    หัวเรื่อง [บริการปฐมภูมิ]
    หัวเรื่อง [สุขภาพ]

BibComment


ยังไม่เคยถูกคอมเมนท์

คอมเมนท์ทรัพยากรรายการนี้
  คอมเมนท์: การบริการปฐมภูมิ..


 Copyright 2026. Bcnsprnw @Library